Буферная система накопления электроэнергии для возобновляемой энергетики; Альтернативная энергетика и экология; № 9

Detaylı Bibliyografya
Parent link:Альтернативная энергетика и экология: международный научный журнал.— , 2011-
№ 9.— 2012.— [С. 137-141]
Yazar: Обухов С. Г. Сергей Геннадьевич
Müşterek Yazar: Национальный исследовательский Томский политехнический университет Энергетический институт Кафедра электроснабжения промышленных предприятий
Diğer Yazarlar: Плотников И. А. Игорь Александрович, Сарсикеев Е. Ж. Ермек Жасланович
Özet:Заглавие с экрана
В статье представлена концепция буферного накопителя энергии для возобновляемой энергетики, а также разработанная функциональная схема энергоустановки. Подробно описан принцип работы экспериментального образца буферной системы накопления электроэнергии.
The conception of a buffer energy storage for renewable power systems and the functional scheme of the power system are presented. The principle of work of the buffer energy storage prototype is considered in detail.
Режим доступа: по договору с организацией-держателем ресурса
Dil:Rusça
Baskı/Yayın Bilgisi: 2012
Konular:
Online Erişim:http://elibrary.ru/item.asp?id=17962210
Materyal Türü: Elektronik Kitap Bölümü
KOHA link:https://koha.lib.tpu.ru/cgi-bin/koha/opac-detail.pl?biblionumber=649206

MARC

LEADER 00000naa0a2200000 4500
001 649206
005 20250303125317.0
035 |a (RuTPU)RU\TPU\network\14367 
090 |a 649206 
100 |a 20160624d2012 k||y0rusy50 ca 
101 0 |a rus 
102 |a RU 
135 |a drcn ---uucaa 
181 0 |a i  
182 0 |a b 
200 1 |a Буферная система накопления электроэнергии для возобновляемой энергетики  |d The buffer system of electric energy storage for renewable energy  |f С. Г. Обухов, И. А. Плотников, Е. Ж. Сарсикеев 
203 |a Текст  |c электронный 
300 |a Заглавие с экрана 
320 |a [Библиогр.: 2 назв.] 
330 |a В статье представлена концепция буферного накопителя энергии для возобновляемой энергетики, а также разработанная функциональная схема энергоустановки. Подробно описан принцип работы экспериментального образца буферной системы накопления электроэнергии. 
330 |a The conception of a buffer energy storage for renewable power systems and the functional scheme of the power system are presented. The principle of work of the buffer energy storage prototype is considered in detail. 
333 |a Режим доступа: по договору с организацией-держателем ресурса 
461 |t Альтернативная энергетика и экология  |o международный научный журнал  |d 2011- 
463 |t № 9  |v [С. 137-141]  |d 2012 
510 1 |a The buffer system of electric energy storage for renewable energy  |z eng 
610 1 |a электронный ресурс 
610 1 |a труды учёных ТПУ 
610 1 |a возобновляемые источники энергии 
610 1 |a аккумулирование 
610 1 |a электрическая энергия 
700 1 |a Обухов  |b С. Г.  |c специалист в области электроэнергетики  |c профессор Томского политехнического университета, доктор технических наук  |f 1963-  |g Сергей Геннадьевич  |3 (RuTPU)RU\TPU\pers\26337  |9 12090 
701 1 |a Плотников  |b И. А.  |c специалист в области машиностроения  |c доцент Томского политехнического университета, кандидат технических наук  |f 1962-  |g Игорь Александрович  |3 (RuTPU)RU\TPU\pers\26587  |9 12270 
701 1 |a Сарсикеев  |b Е. Ж.  |c специалист в области электротехники  |c ассистент Томского политехнического университета  |f 1987-  |g Ермек Жасланович  |3 (RuTPU)RU\TPU\pers\29866  |9 14338 
712 0 2 |a Национальный исследовательский Томский политехнический университет  |b Энергетический институт  |b Кафедра электроснабжения промышленных предприятий  |3 (RuTPU)RU\TPU\col\18676  |9 27129 
801 2 |a RU  |b 63413507  |c 20160624  |g RCR 
856 4 |u http://elibrary.ru/item.asp?id=17962210 
942 |c CF